书目信息 |
| 题名: |
江村经济七十年
|
|
| 作者: | 周拥平 著 | |
| 分册: | ||
| 出版信息: | 上海 上海大学出版社 2006 |
|
| 页数: | 176页 | |
| 开本: | 23cm | |
| 丛书名: | ||
| 单 册: | ||
| 中图分类: | F327.53 | |
| 科图分类: | ||
| 主题词: | 乡村--农村经济--研究报告--吴江市--2006 , 乡村 , 农村经济 , 农业经济--中国 | |
| 电子资源: | ||
| ISBN: | 7-81118-008-1 | |
| 000 | 01010nam0 2200265 450 | |
| 001 | 1130190022 | |
| 005 | 20111005082419.06 | |
| 010 | @a7-81118-008-1@dCNY22.00 | |
| 100 | @a20060104d2006 em y0chiy50 ea | |
| 101 | 0 | @achi |
| 102 | @aCN@b310000 | |
| 105 | @aa z 000yy | |
| 200 | 1 | @a江村经济七十年@Ajiang cun jing ji qi shi nian@f周拥平著 |
| 210 | @a上海@c上海大学出版社@d2006 | |
| 215 | @a176页@c图@d23cm | |
| 330 | @a本书是在费孝通先生撰写《江村经济》调查以来的第七十年再次对开弦弓村经济状况的研究报告。内容包括“引子:一个传奇式家庭的今昔”、“区位:开弦弓的交通及周边环境”、“蚕桑:古老行业的世纪轮回”、“螃蟹:传统副业的市场理性”、“羊毛衫:市场魔力催生的庞大产业”、“丝织厂:现代企业的萌芽”等章节。 | |
| 606 | 0 | @a乡村@x农村经济@x研究报告@y吴江市@z2006 |
| 606 | 0 | @a乡村 |
| 606 | 0 | @a农村经济 |
| 606 | 0 | @a农业经济@x中国 |
| 610 | 0 | @a开弦弓村 |
| 690 | @aF327.53@v4 | |
| 701 | 0 | @a周拥平@Azhou yong ping@f(1953~)@4著 |
| 801 | 0 | @aCN@bNLC@c20101222 |
| 905 | @a10447@dF327.53@eJY12 | |
| 江村经济七十年/周拥平著.-上海:上海大学出版社,2006 |
| 176页:图;23cm |
| ISBN 7-81118-008-1:CNY22.00 |
| 本书是在费孝通先生撰写《江村经济》调查以来的第七十年再次对开弦弓村经济状况的研究报告。内容包括“引子:一个传奇式家庭的今昔”、“区位:开弦弓的交通及周边环境”、“蚕桑:古老行业的世纪轮回”、“螃蟹:传统副业的市场理性”、“羊毛衫:市场魔力催生的庞大产业”、“丝织厂:现代企业的萌芽”等章节。 |
| ● |
| 相关链接 |
|
|
|
|
正题名:江村经济七十年
索取号:F327.53/JY12
 
预约/预借
| 序号 | 登录号 | 条形码 | 馆藏地/架位号 | 状态 | 备注 |
| 1 | 7813877 | 278138775 | 学院路分馆/ [索取号:F327.53/JY12] | 在馆 | |
| 2 | 7813878 | 278138784 | 学院路分馆/ [索取号:F327.53/JY12] | 在馆 |